Ollantay : (Registro nro. 25491)
[ vista simple ]
| 000 -Cabecera | |
|---|---|
| Campo de control interno | 00839nam a22002777a 4500 |
| 005 - Fecha y hora del registro | |
| control field | 20260428123454.0 |
| 008 - Elementos de Longitud Fija | |
| fixed length control field | 260427b |||||||| |||| 00| 0 spa d |
| 020 ## - ISBN | |
| ISBN | 9972009459 |
| 041 ## - Idioma | |
| Codigo Idioma | ESP |
| 082 ## - DEWEY y NOTACIÓN INTERNA | |
| Dewey | 869.512 |
| Notación Interna | O47 |
| 100 ## - AUTOR | |
| Autor denominación | Ollanta |
| Término de relación | autor |
| 245 ## - TÍTULO DE MATERIAL BIBLIOGRÁFICO | |
| Título | Ollantay : |
| Título paralelo | el rigor de un padre y la generosidad de un rey |
| 250 ## - EDICIÓN | |
| Edición | Segunda edición |
| 260 ## - CIUDAD, EDITORIAL, AÑO | |
| Ciudad | Lima : |
| Nombre de la Editorial | Santillana, |
| Año | 2006 |
| 300 ## - DESCRIPCIÓN | |
| N° Páginas | 118 páginas : |
| Dimensiones | 20 cm. |
| 440 ## - MENCIÓN DE SERIE | |
| Título de la Serie | Clásicos esenciales Santillana |
| 500 ## - NOTA GENERAL | |
| Nota General | Texto en dos columnas. |
| 505 ## - TABLA DE CONTENIDO | |
| Tabla de Contenido | Antes del título: Anónimo peruano. |
| 650 ## - TEMAS | |
| Temas | Literatura |
| 653 ## - DESCRIPTORES | |
| Lenguajes no controlado | Teatro peruano |
| 654 ## - PROGRAMAS | |
| Programa | Todos los programas |
| 700 ## - OTROS AUTORES | |
| Otros autores | Calvo Pérez, Julio |
| Termino Relacionado | traductor |
| 856 ## - URL - UBICACIÓN | |
| URI/URL: Enlace exacto del recurso | <a href="https://itmsp.museknowledge.com/UCSP?groupID=2">https://itmsp.museknowledge.com/UCSP?groupID=2</a> |
| Nota pública: Versión digital | <a href="Véase además: Biblioteca Digital">Véase además: Biblioteca Digital</a> |
| 942 ## - ELEMENTOS DE KOHA | |
| Tipo de documento | Libro |
| Nombre del creador | Justo Noguera |
| Código de catalogador | Margarita Torres |
| Suppress in OPAC | No |
| Esquema de clasificación | Dewey Decimal Classification |
| Codigo completo | Registro | Colección | Copia número | Disponibilidad | Tipo de préstamo | Biblioteca Actual | Procedencia (Biblioteca) | Ubicacón | Fecha Ingreso | Tipo de Adquisición | Observación | Date last seen | Total checkouts | Price effective from | Tipo de Item | Estado del Material | Fuente de Clasificación | Damaged status | Withdrawn status |
|---|---|---|---|---|---|---|---|---|---|---|---|---|---|---|---|---|---|---|---|
| 869.512 O47 | 1088578 | Universidad Católica San Pablo | 1 | No disponible | Proceso | Víctor Andrés Belaunde | Víctor Andrés Belaunde | Planta baja abierta | 27/04/2026 | Donación | Derecho | 27/04/2026 | 27/04/2026 | Libro | Bueno | Dewey Decimal Classification | Withdrawn |




